000 01934cam a2200517Ma 4500
001 75708
005 20230410105312.0
008 070924s2007 fr a b 000 0 fre d
035 _a(OCoLC)ocn300395305
040 _aRUQBL
_bfre
_cRUQBL
_dFRBML
_dBDF
020 _a9782707148285
020 _a2707148288
029 1 _aZWZ
_b115380914
035 _a(OCoLC)300395305
050 1 4 _aH 61
_bR425
082 0 4 _a338.06094
_222
_bC423p
_d2007
100 1 _aCette, Gilbert.
245 1 0 _aProductivité et croissance en Europe et aux états-Unis /
_cGilbert Cette.
260 _aParis :
_bLa Découverte,
_cc2007.
300 _a121 p. :
_bill. ;
_c18 cm.
490 1 _aCollection Reperes;
_vn. 258
504 _aBibliogr.: p. [112]-118.
650 6 _aProductivité
_zEurope.
650 6 _aProductivité
_zétats-Unis.
650 6 _aProduit intérieur brut
_zEurope.
650 6 _aProduit intérieur brut
_zétats-Unis.
650 6 _aDeveloppement économique, Effets des innovations sur le
_zEurope.
650 6 _aDeveloppement économique, Effets des innovations sur le
_zétats-Unis.
653 _aBrut
_aCroissance
_aDeveloppement
_aEconomique
_aEtats-Unis
_aEurope
_aEvolution
_aHistoire
_aInterieur
_aOcde
653 _aPib
_aProduit
_aProductivite
_aTravail
650 4 _aProductivité
_zPays de l'OCDE.
650 4 _aProductivité
_zétats-Unis.
650 4 _aProduit intérieur brut
_zPays de l'OCDE.
650 4 _aProduit intérieur brut
_zétats-Unis.
650 4 _aDéveloppement économique.
651 4 _aPays de l'OCDE
_xConditions économiques.
651 4 _aétats-Unis
_xConditions économiques.
650 7 _aProductivité
_zPays de l'OCDE.
_2ram
650 7 _aDéveloppement économique
_y20e siáecle.
_2ram
730 0 _aCollection Reperes
830 0 _aReperes / économie
830 0 _aCollection Repáeres.
_pSérie "économie" ;
_v483.
942 _2lcc
_cbk
946 _amjcruz
994 _aC0
_bDRFGD
999 _c33978
_d33978